Movies Quiz

Random Movies or Grab Bag Quiz
Score 0/49 Timer 10:00
0 Plays Today
Subject Answer % Correct
First Five Disney Feature FilmsSnow White and the Seven Dwarfs
86.9%
Tim Burton/Johnny Depp CollaborationsEdward Scissorhands
82.6%
Jack Nicholson Oscar NominationsOne Flew over the Cuckoo's Nest
77.4%
Tim Burton/Johnny Depp CollaborationsSweeney Todd: The Demon Barber of Fleet Street
67.7%
Jack Nicholson Oscar NominationsAs Good As It Gets
66.5%
First Five Disney Feature FilmsFantasia
63.7%
Tim Burton/Johnny Depp CollaborationsCharlie and the Chocolate Factory
62.7%
Roger Moore James Bond MoviesOctopussy
62.2%
First Five Disney Feature FilmsBambi
56.4%
First Five Disney Feature FilmsPinocchio
56.1%
Tim Burton/Johnny Depp CollaborationsCorpse Bride
55.3%
Roger Moore James Bond MoviesMoonraker
50%
Tim Burton/Johnny Depp CollaborationsEd Wood
48.4%
First Five Disney Feature FilmsDumbo
48.3%
Jack Nicholson Oscar NominationsChinatown
47.1%
Multiple Oscar Best Actor WinsJack Nicholson
46.3%
Multiple Oscar Best Actor WinsTom Hanks
46%
Multiple Oscar Best Actor WinsSpencer Tracy
45.5%
Tim Burton/Johnny Depp CollaborationsSleepy Hollow
45%
Jack Nicholson Oscar NominationsAbout Schmidt
44.1%
Multiple Oscar Best Actor WinsGary Cooper
41.7%
Jack Nicholson Oscar NominationsEasy Rider
41.4%
Jack Nicholson Oscar NominationsTerms of Endearment
40.1%
Jack Nicholson Oscar NominationsA Few Good Men
39.9%
Named Characters Killed in Pulp FictionZed
38.7%
Subject Answer % Correct
Roger Moore James Bond MoviesLive and Let Die
37.8%
Multiple Oscar Best Actor WinsMarlon Brando
37.8%
Multiple Oscar Best Actor WinsSean Penn
36.8%
Roger Moore James Bond MoviesThe Man with the Golden Gun
35.8%
Roger Moore James Bond MoviesThe Spy Who Loved Me
31.7%
Named Characters Killed in Pulp FictionVincent Vega
31.1%
Roger Moore James Bond MoviesA View to a Kill
30.8%
P.T. Anderson Directed MoviesThere Will Be Blood
30.4%
P.T. Anderson Directed MoviesBoogie Nights
29.5%
Jack Nicholson Oscar NominationsFive Easy Pieces
29.3%
P.T. Anderson Directed MoviesMagnolia
28.3%
Roger Moore James Bond MoviesFor Your Eyes Only
24%
P.T. Anderson Directed MoviesPunch-Drunk Love
20.9%
Multiple Oscar Best Actor WinsDustin Hoffman
20.9%
Named Characters Killed in Pulp FictionBrett
20.5%
Jack Nicholson Oscar NominationsPrizzi's Honor
19.7%
Named Characters Killed in Pulp FictionMaynard
19.7%
Jack Nicholson Oscar NominationsReds
16.8%
Multiple Oscar Best Actor WinsDaniel Day-Lewis
16.1%
Multiple Oscar Best Actor WinsFrederic March
14.8%
P.T. Anderson Directed MoviesHard Eight
14.6%
Jack Nicholson Oscar NominationsThe Last Detail
14.2%
Jack Nicholson Oscar NominationsIronweed
13.1%
Named Characters Killed in Pulp FictionMarvin
12.1%

You're not logged in!

Compare scores with friends on all Sporcle quizzes.
OR
Log In

Sporcle TV

Today on Sporcle TV


Watch our educational content, quiz creation guides, and fun videos on Sporcle TV.

Show Comments

Extras

Created Oct 5, 2009ReportNominate
Tags:Grab Bag Quiz, bag, subject

Top Quizzes Today


Score Distribution

Paid Content

Your Account Isn't Verified!

In order to create a playlist on Sporcle, you need to verify the email address you used during registration. Go to your Sporcle Settings to finish the process.

Report this User

Report this user for behavior that violates our Community Guidelines.

Details: